Central Library OPAC University of Rajshahi

Nuclear structure, cell Division and chromosome morphology of some algal Plants. / (Record no. 80758)

MARC details
000 -LEADER
fixed length control field 00881nam a22002417a 4500
001 - CONTROL NUMBER
RUCL Control Number 80758
003 - CONTROL NUMBER IDENTIFIER
rucl marc code BD-RjUL
005 - DATE AND TIME OF LATEST TRANSACTION
control field 20221112153905.0
008 - FIXED-LENGTH DATA ELEMENTS--GENERAL INFORMATION
fixed length control field 221112s1999 bg a|||| m||| 00| 0 eng d
035 ## - SYSTEM CONTROL NUMBER
system control number (BD-RjUL)80758
040 ## - CATALOGING SOURCE
Original cataloging agency BD-RjUL
Language of cataloging eng
Transcribing agency BD-RjUL
Modifying agency BD-RjUL
041 ## - LANGUAGE CODE
Language code of Book eng
082 ## - DEWEY DECIMAL CLASSIFICATION NUMBER
DDC Edition number 23
Classification number 539.74
Author mark and Year KHN 1999.
100 ## - MAIN ENTRY--PERSONAL NAME
Personal name Khatun, Mst. Wahida
9 (RLIN) 5804
245 10 - TITLE STATEMENT
Title Nuclear structure, cell Division and chromosome morphology of some algal Plants. /
Statement of responsibility, etc By Mst. Wahida Khatun ;
Name of Supervisor/Co-Supervisor Supervisor : Golam, Kabir
260 ## - PUBLICATION, DISTRIBUTION, ETC. (IMPRINT)
Place of publication, distribution, etc Rajshahi :
Name of publisher, distributor, etc Department of Botany, University of Rajshahi,
Date of publication, distribution, etc 1999
300 ## - PHYSICAL DESCRIPTION
Pagination [9], 123 leaves :
Other physical details ill, ;
Dimensions 29.cm.
502 ## - DISSERTATION NOTE
Dissertation note Thesis (M. Phil.) -- Department of Botany, University of Rajshahi, 1999
504 ## - BIBLIOGRAPHY, ETC. NOTE
Bibliography, etc References : Leaves 109 - 123
650 ## - SUBJECT ADDED ENTRY--TOPICAL TERM
Topical term or geographic name as entry element Nuclear structure
9 (RLIN) 5805
700 ## - ADDED ENTRY--SUPERVISOR/CO-SUPERVISOR NAME
Personal name Kabir, Golam, Supervisor
9 (RLIN) 3775
942 ## - ADDED ENTRY ELEMENTS (KOHA)
Source of classification or shelving scheme Dewey Decimal Classification
Koha item type Theses
Holdings
Source of classification or shelving scheme Damaged status Not for loan Collection code Permanent Location Current Location Shelving location Date of accession Source of acquisition Total Checkouts Full call number Barcode Date last seen Copy number Thesis
Dewey Decimal Classification   Not For Loan Theses Central Library, University of Rajshahi Central Library, University of Rajshahi Documentation Section 19/11/2000 Controller of Exam. R.U   THE 539.74 KHN 1999. D1975 12/11/2022 C-1 Theses